000 00610nam a2200205Ia 4500
005 20250923150013.0
008 008 250917s9999 xx 000 0 eng d
037 _aTextual
040 _aDSWL
_beng
_cDSWL
041 _aeng
_2eng
084 _aQ62:3wM61, N99
_qDSWL
100 _aLipner, Julius
_9841185
245 0 _aBramabandhab Upadhyay the life and thought of a revolutionary
_c by Julius Lipner
260 _aDelhi
_bUniversity Press
_c1999
300 _axxiv,409 p.
365 _aINR
_b425.00
925 _g425.00
942 _cTEXL
_hQ62:3wM61, N99
999 _c1458386
_d1458386